Statistiques concernant Personnage de The Legend of Zelda

Cliquez ici pour prendre le quiz!

Statistiques générales

  • Ce quiz a été pris 1 047 fois
  • Le résultat moyen est 11 sur 17

Statistiques - réponses

Indice sur personnageRéponse% Correct
Le hérosLink
100%
La princesseZelda
100%
L'ennemisGanondorf
97%
L'énorme arbreArbre Mojo
96%
Le chevalEpona
95%
Princesse du CrépusculeMidona
78%
Nourrice de ZeldaImpa
76%
Esprit de l'Épée de LégendeFay
70%
Princesse déguiséeSheik
68%
LutinTingle
66%
Jeune fille qui dirige un groupe de pirateTetra
59%
Maître auto-proclamé de la race des OmbresXanto
58%
Dieu poisson propre aux ZorasJabu-Jabu
54%
Disciple de l'Avatar du NéantGhirahim
45%
Dragon esprit du CielValoo
22%
Frère du lutinKlingle
11%
Fée ayant perdus la mémoireCiela
10%

Distribution des résultats

Percentile par nombre de réponses

% des personnes avec chaque résultat

Votre développement - résultats

Vous n’avez pas pris ce quiz